Strength of Materials (Record no. 5425)

MARC details
000 -LEADER
fixed length control field 00339nam a2200145Ia 4500
008 - FIXED-LENGTH DATA ELEMENTS--GENERAL INFORMATION
fixed length control field 191201s2012 xx 000 0 und d
082 ## - DEWEY DECIMAL CLASSIFICATION NUMBER
Classification number 620.112
Item number CHS
100 ## - MAIN ENTRY--PERSONAL NAME
Personal name CHAKRABORTI, M
245 #0 - TITLE STATEMENT
Title Strength of Materials
250 ## - EDITION STATEMENT
Edition statement Rep
260 ## - PUBLICATION, DISTRIBUTION, ETC. (IMPRINT)
Place of publication, distribution, etc N. Delhi
Name of publisher, distributor, etc S.K.Kataria
Date of publication, distribution, etc 2012
300 ## - PHYSICAL DESCRIPTION
Extent 983
650 ## - SUBJECT ADDED ENTRY--TOPICAL TERM
Topical term or geographic name as entry element B.Tech(CE)
942 ## - ADDED ENTRY ELEMENTS (KOHA)
Source of classification or shelving scheme Dewey Decimal Classification
Koha item type Text Books
Holdings
Withdrawn status Lost status Source of classification or shelving scheme Damaged status Not for loan Collection code Home library Current library Date acquired Source of acquisition Cost, normal purchase price Bill Number Total Checkouts Full call number Acc. no. / Barcode Date last seen Bill Date Koha item type
    Dewey Decimal Classification     B.Tech(CE) PIET C-LIBRARY PIET C-LIBRARY 17/07/2012 IBH, New Delhi 285.00 5685   620.112 CHS 20487 04/12/2019 14/07/2012 Text Books
    Dewey Decimal Classification     B.Tech(CE) PIET C-LIBRARY PIET C-LIBRARY 17/07/2012 IBH, New Delhi 285.00 5685   620.112 CHS 20488 05/12/2019 14/07/2012 Text Books
    Dewey Decimal Classification     B.Tech(CE) PIET C-LIBRARY PIET C-LIBRARY 17/07/2012 IBH, New Delhi 285.00 5685   620.112 CHS 20489 04/12/2019 14/07/2012 Text Books
    Dewey Decimal Classification     B.Tech(CE) PIET C-LIBRARY PIET C-LIBRARY 17/07/2012 IBH, New Delhi 285.00 5685   620.112 CHS 20490 04/12/2019 14/07/2012 Text Books
    Dewey Decimal Classification     B.Tech(CE) PIET C-LIBRARY PIET C-LIBRARY 17/07/2012 IBH, New Delhi 285.00 5685   620.112 CHS 20491 04/12/2019 14/07/2012 Text Books

Design & Developed by: PIET Central Library
R70 Miles Stone Pattikalyana Samalkha Panipat 132102
mail ID :- [email protected], Phone No:- 0180-2569700 Ex.216